000 00450 a2200157 4500
005 20250627180737.0
020 _a0-13-052036-5
082 _a657.45 LEM
100 _aLEMON , W. M.
245 _aAuditing : An Integrated Approach.
250 _a5th Ed.Canadian
260 _aCanada,
_bPrentice Hall, Canada Inc,
_c1993.
300 _axviii, 857p.:Ill.;figures & table
_bIndex
_c26cm.
700 _aARENS, A. A . & LOEBBECKE, J. K.
942 _2ddc
_cBKS
999 _c1694
_d1694